[Event "Bergen Sommer Super-NGP B"]
[Site "Bergen"]
[Date "2019.07.30"]
[Round "4"]
[White "Hansen, Arve Nils"]
[Black "Bjorkly, Sara Marie Skaug"]
[Result "0-1"]
[WhiteElo "1302"]
[BlackElo "1352"]
[PlyCount "64"]
[EventDate "2019.07.29"]
[EventType "swiss"]
[EventRounds "9"]
[EventCountry "NOR"]
[SourceTitle "EXT 2024"]
[Source "ChessBase"]
[SourceDate "2023.10.10"]
[SourceVersion "1"]
[SourceVersionDate "2023.10.10"]
[SourceQuality "1"]

1. e4 c5 2. Nf3 Nc6 3. c3 g6 4. d4 cxd4 5. Nxd4 e5 6. Nxc6 bxc6 7. Be3 Nf6 8. Nd2 Bg7 9. h3 Qc7 10. Bd3 0-0 11. Qc1 d5 12. exd5 cxd5 13. Be2 Re8 14. Bg5 Bb7 15. h4 d4 16. Bxf6 Bxf6 17. Nf3 Rac8 18. c4 e4 19. Ng1 e3 20. Nf3 exf2+ 21. Kxf2 Bxf3 22. gxf3 Re3 23. b3 Rce8 24. Bf1 Qf4 25. Qd2 Rxf3+ 26. Kg1 Qxd2 27. Rh2 Rg3+ 28. Kh1 Qf4 29. c5 d3 30. c6 d2 31. Rd1 Qf3+ 32. Rg2 Rh3+ 0-1

[Event "NOR-ch (Women)"]
[Site "Baerum"]
[Date "2019.03.17"]
[Round "4"]
[White "Bjorkly, Sara Marie Skaug"]
[Black "Larre, Linnea"]
[Result "0-1"]
[WhiteElo "1368"]
[BlackElo "1599"]
[PlyCount "132"]
[EventDate "2019.03.15"]
[EventType "swiss"]
[EventRounds "5"]
[EventCountry "NOR"]
[SourceTitle "CBM 189 Extra"]
[Source "ChessBase"]
[SourceDate "2019.06.03"]
[SourceVersion "1"]
[SourceVersionDate "2019.06.03"]
[SourceQuality "1"]

1. d4 Nf6 2. Bf4 c5 3. e3 Nc6 4. Nf3 e6 5. c4 d5 6. Nc3 cxd4 7. exd4 g6 8. Be2 Bg7 9. 0-0 0-0 10. cxd5 Nxd5 11. Nxd5 Qxd5 12. Be5 Nxe5 13. dxe5 Rd8 14. Bc4 Qa5 15. Qe2 Bd7 16. Rfe1 Bc6 17. Ng5 Rd2 18. Qg4 Rxb2 19. Nxf7 Bd5 20. Bxd5 Qxd5 21. Ng5 Re8 22. Qf3 Qxf3 23. Nxf3 h6 24. Rab1 Rxa2 25. Rxb7 a5 26. Ra7 a4 27. Nd4 Bxe5 28. Nb5 Bg7 29. g4 Bf8 30. Ra6 Kf7 31. Nd6+ Bxd6 32. Rxd6 Rb2 33. Ra6 Rb4 34. Ra1 Rxg4+ 35. Kf1 Rc8 36. R1xa4 Rc1+ 37. Ke2 Rc2+ 38. Kf3 Rg5 39. Ra2 Rc3+ 40. Ke2 Rh5 41. R2a4 Rxh2 42. Rf4+ Ke7 43. Re4 Rc2+ 44. Kd3 Rcxf2 45. Rexe6+ Kf7 46. Rxg6 h5 47. Rgc6 Rd2+ 48. Kc3 Rc2+ 49. Kd3 Rxc6 50. Rxc6 Kg7 51. Ke3 Rg2 52. Kf3 Rg1 53. Kf2 Rg4 54. Rc1 Kf6 55. Rh1 Rg5 56. Rh4 Rf5+ 57. Kg2 Kg6 58. Rh3 Kh6 59. Kh2 Kg5 60. Rg3+ Kf4 61. Kh3 Re5 62. Rg2 Re1 63. Rf2+ Ke4 64. Rg2 Kf3 65. Kh2 h4 66. Rg5 Re2+ 0-1

[Event "Masfjorden Grand Prix"]
[Site "Sandnes"]
[Date "2019.02.16"]
[Round "3"]
[White "Tveranger, Heine Aa"]
[Black "Bjorkly, Sara Marie Skaug"]
[Result "0-1"]
[WhiteElo "1369"]
[BlackElo "1386"]
[PlyCount "64"]
[EventDate "2019.02.15"]
[EventType "swiss"]
[EventRounds "5"]
[EventCountry "NOR"]
[SourceTitle "EXT 2024"]
[Source "ChessBase"]
[SourceDate "2023.10.10"]
[SourceVersion "1"]
[SourceVersionDate "2023.10.10"]
[SourceQuality "1"]

1. d4 d5 2. Nf3 Nf6 3. Bg5 e6 4. e3 Nbd7 5. Nbd2 c5 6. c4 Bd6 7. Qc2 h6 8. Bxf6 Qxf6 9. Be2 b6 10. b3 Bb7 11. 0-0 cxd4 12. exd4 Rc8 13. Qb2 0-0 14. Rac1 e5 15. dxe5 Nxe5 16. Nxe5 Bxe5 17. Qb1 dxc4 18. Bxc4 Qf4 19. g3 Qxd2 20. Qf5 Bf6 21. Rcd1 Qg5 22. Qd7 Rb8 23. Qa4 Qf5 24. Rd3 a6 25. g4 Qxg4+ 26. Rg3 Qe4 27. f3 Qe3+ 28. Kg2 b5 29. Bxf7+ Rxf7 30. Qg4 Bd4 31. Kh3 Bc8 32. Qxc8+ Rxc8 0-1

[Event "Hordaland-ch NGP"]
[Site "Bergen"]
[Date "2018.06.09"]
[Round "4"]
[White "Bjorkly, Sara Marie Skaug"]
[Black "Lexander, Harald"]
[Result "0-1"]
[WhiteElo "1365"]
[BlackElo "1427"]
[PlyCount "113"]
[EventDate "2018.04.23"]
[EventType "swiss"]
[EventRounds "6"]
[EventCountry "NOR"]
[SourceTitle "EXT 2024"]
[Source "ChessBase"]
[SourceDate "2023.10.10"]
[SourceVersion "1"]
[SourceVersionDate "2023.10.10"]
[SourceQuality "1"]

1. d4 Nf6 2. c4 g6 3. Nc3 d5 4. Nf3 Bg7 5. Bg5 0-0 6. Bxf6 Bxf6 7. cxd5 Bf5 8. h3 c6 9. e4 Bd7 10. e5 Bg7 11. Qb3 Qb6 12. Bc4 Qxb3 13. Bxb3 cxd5 14. Nxd5 Nc6 15. Nxe7+ Nxe7 16. 0-0 Bc6 17. Ne1 Bb5 18. Nc2 Bxf1 19. Kxf1 Rad8 20. Rd1 Bxe5 21. Re1 Bf6 22. g4 Nd5 23. Re4 Rd6 24. Ne3 Nxe3+ 25. fxe3 Rc8 26. Rf4 Rc1+ 27. Ke2 Rc7 28. Kd3 Bg7 29. Rf2 Rf6 30. Re2 Rf3 31. h4 Re7 32. d5 Rh3 33. Bc2 Rxh4 34. g5 Rg4 35. e4 Rxg5 36. Ke3 Rxd5 37. Kf4 Rde5 38. b3 f5 39. Bd3 fxe4 40. Bxe4 Rxe4+ 41. Rxe4 Rxe4+ 42. Kxe4 h5 43. Kf4 Bf6 44. a4 Kf7 45. b4 Ke6 46. Ke4 h4 47. Kf3 g5 48. b5 Kd6 49. a5 Kc5 50. b6 axb6 51. axb6 Kxb6 52. Kg2 Kc5 53. Kh2 Kd4 54. Kh1 b5 55. Kg2 b4 56. Kh2 b3 57. Kg2 0-1